| 000 | 00945nam a2200241Ia 4500 | ||
|---|---|---|---|
| 003 | OSt | ||
| 005 | 20250711162418.0 | ||
| 008 | 191128s1998 ck a r 000 f spa d | ||
| 020 | _a9580442789 | ||
| 040 |
_aCO-JMCR _cCO-JMCR |
||
| 041 | _aspa | ||
| 082 | 0 | 4 |
_aN _bROMi |
| 100 | 1 |
_aRomán, Celso, _eautor _98074 |
|
| 245 | 1 | 3 |
_aEl imperio de las cinco lunas / _cCelso Román |
| 260 |
_aBogotá : _bNorma, _c1998 |
||
| 300 |
_a346 páginas, _bilustraciones blanco y negro ; _c19 cm. |
||
| 490 | 0 | _aTorre de papel amarillo | |
| 500 | _aIncluye datos biográficos del autor en contraportada | ||
| 505 | _aEl origen -- El viaje -- Los sacrificios | ||
| 520 | _aLa luna de Payara te mostrará tu origen, la luna venado te enseñará la cautela, la luna de Águila te llevará a la sabiduría, la luna del Armadillo te dejará ver la luz en a oscuridad y la luna del armadillo. | ||
| 650 | 1 | 4 |
_aNovela infantil _xSiglo XX _98075 |
| 942 |
_2ddc _cBK |
||
| 999 |
_c3486 _d3486 |
||